|
|
|
|
| LEADER |
00918nam a2200229 a 4500 |
| 001 |
GR-Patra7711 |
| 008 |
991022s1979 gr 000 0 gre d |
| 040 |
|
|
|a GrPaTEI
|b gre
|c GR-PaULI
|
| 245 |
0 |
0 |
|a Οδοιπορία στις μορφές και το ύφος του ελληνικού χώρου
|n 1/.
|
| 250 |
|
|
|a 3η εκδ.
|
| 260 |
|
|
|a Αθήνα :
|b [χ.ο.],
|c 1979
|
| 300 |
|
|
|a 271σ. :
|b εικ.
|
| 650 |
|
4 |
|a ΑΙΓΑΙΟ
|
| 650 |
|
4 |
|a Ελλάδα
|
| 650 |
|
4 |
|a Πελοπόννησος
|
| 650 |
|
4 |
|a ΤΑΞΙΔΙΑ
|
| 653 |
|
|
|a ΕΛΛΑΣ - ΠΕΡΙΓΡΑΦΗ ΚΑΙ ΤΑΞΙΔΙΑ
|
| 700 |
1 |
|
|a Βασιλειάδης, Δ.
|
| 942 |
|
|
|2 ddc
|
| 952 |
|
|
|0 0
|1 0
|2 ddc
|4 0
|6 914_950000000000000_ΒΑΣ
|7 0
|9 288745
|a LISK
|b LISK
|c BSC
|d 2021-01-17
|e 24
|f 0
|g 0.00
|l 0
|o 914.95 ΒΑΣ
|p 9241005828
|r 2021-01-17 00:00:00
|t 1
|w 2021-01-17
|y BK15
|x 19991024 0 1
|x GrPaTEI
|
| 971 |
|
|
|a .b26552267
|b 16-04-20
|c 23-09-16
|
| 999 |
|
|
|c 168457
|d 168457
|